Faculty of Law Library — Cairo University

Official Online Catalog

التقييم الفني لمسرح الجريمة لمعرفة الحقيقة / (Record no. 59716)

MARC details
000 -LEADER
fixed length control field 01527nam a2200349 i 4500
003 - CONTROL NUMBER IDENTIFIER
control field EG-GICUC
005 - DATE AND TIME OF LATEST TRANSACTION
control field 20260127170711.0
008 - FIXED-LENGTH DATA ELEMENTS--GENERAL INFORMATION
fixed length control field 260127s20061427ua a|||fr|||| 00| 0 ara d
017 ## - COPYRIGHT OR LEGAL DEPOSIT NUMBER
Copyright or legal deposit number 2006/102
Assigning agency وزارة الإعلام بسلطنة عمان
017 ## - COPYRIGHT OR LEGAL DEPOSIT NUMBER
Copyright or legal deposit number 2006/882
Assigning agency بدائرة الملكية الفكرية
040 ## - CATALOGING SOURCE
Original cataloging agency EG-GICUC
Language of cataloging ara
Transcribing agency EG-GICUC
Modifying agency EG-GICUC
Description conventions rda
041 ## - LANGUAGE CODE
Language code of text/sound track or separate title ara
082 04 - DEWEY DECIMAL CLASSIFICATION NUMBER
Edition number 21
Classification number 343.81
Item number ب ن . ت
092 04 - LOCALLY ASSIGNED DEWEY CALL NUMBER (OCLC)
Edition number 21
099 ## - LOCAL FREE-TEXT CALL NUMBER (OCLC)
Classification number Law1 10 343.81 ب ن . ت 2 ed - 2006
100 0# - MAIN ENTRY--PERSONAL NAME
Personal name بنداري بن احمد البنداري
Relator term مؤلف.
245 12 - TITLE STATEMENT
Title التقييم الفني لمسرح الجريمة لمعرفة الحقيقة /
Statement of responsibility, etc. تأليف الخبير الجنائي بنداري بن احمد البنداري.
Number of part/section of a work الجزء الأول،
250 ## - EDITION STATEMENT
Edition statement الطبعة الثانية،
Remainder of edition statement ه1427- 2006م .
264 #1 - PRODUCTION, PUBLICATION, DISTRIBUTION, MANUFACTURE, AND COPYRIGHT NOTICE
Place of production, publication, distribution, manufacture نزوى :
Name of producer, publisher, distributor, manufacturer أكاديمية السلطان قابوس لعلوم الشرطة،
Date of production, publication, distribution, manufacture, or copyright notice 2006.
300 ## - PHYSICAL DESCRIPTION
Extent 333 صفحة :
Other physical details إيضاحيات، صور، مثيليات ؛
Dimensions 24 سم
336 ## - CONTENT TYPE
Source rda content
Content type term text
337 ## - MEDIA TYPE
Source rda media
Media type term Computer
338 ## - CARRIER TYPE
Source rda carrier
Carrier type term Online Resource
504 ## - BIBLIOGRAPHY, ETC. NOTE
Bibliography, etc. note يشتمل على إرجاعات ببليوجرافية.
650 1# - SUBJECT ADDED ENTRY--TOPICAL TERM
Topical term or geographic name entry element القانون الجنائي
650 1# - SUBJECT ADDED ENTRY--TOPICAL TERM
Topical term or geographic name entry element التحقيق الجنائي الفني
650 1# - SUBJECT ADDED ENTRY--TOPICAL TERM
Topical term or geographic name entry element علم البوليس العلمي
653 ## - INDEX TERM--UNCONTROLLED
Uncontrolled term مسرح الجريمة
856 40 - ELECTRONIC LOCATION AND ACCESS
Uniform Resource Identifier <a href="https://fll.law.cu.edu.eg/fulltext/bks/B10-08041.pdf">https://fll.law.cu.edu.eg/fulltext/bks/B10-08041.pdf</a>
905 ## - Cataloger and Reviser Names
Cataloger Name: Gomana
942 ## - ADDED ENTRY ELEMENTS (KOHA)
Source of classification or shelving scheme Dewey Decimal Classification
Suppress in OPAC No
Koha item type Books
Edition 21
Holdings
Withdrawn status Lost status Source of classification or shelving scheme Damaged status Not for loan Collection Home library Current library Date acquired Total checkouts Full call number Barcode Date last seen Copy number Price effective from Koha item type
    Dewey Decimal Classification   Not for loan القانون الجنائي جــــامعة القــاهرة مكتبة كلية الحقوق - المبنى الرئيسي 27.01.2026   Law1 10 343.81 ب ن . ت 2 ed - 2006 1008041 C1 B10-08041 27.01.2026 1 27.01.2026 Books
    Dewey Decimal Classification     القانون الجنائي جــــامعة القــاهرة مكتبة كلية الحقوق - المبنى الرئيسي 27.01.2026   Law1 10 343.81 ب ن . ت 2 ed - 2006 1008042 C2 B10-08042 27.01.2026 2 27.01.2026 Books

© All rights reserved — Faculty of Law, Cairo University